Estadísticas para Prueba de Túnez

Haz click aquí para tomar la prueba!

Estadísticas generales

  • Esta prueba ha sido tomada 446 veces
  • La puntuación promedio es 13 de 20

Estadísticas de respuestas

PistaRespuesta% Correcto
Países limítrofesArgelia
98%
Países limítrofesLibia
98%
Desierto en el que se encuentra el sur de TúnezSahara
98%
País europeo que colonizó TúnezFrancia
97%
Túnez toca este marMediterraneo
97%
CapitalTúnez
96%
Idioma oficialÁrabe
95%
País con una bandera similar:
Turquía
95%
Antigua ciudad derrotada por Roma en las guerras púnicasCartago
77%
Cordillera que se extiende hasta TúnezAtlas
73%
El general de esa ciudad que cruzó los Alpes con elefantesAníbal
68%
Protestas multinacionales que comenzaron en Túnez en diciembre de 2010Primavera Árabe
68%
MonedaDinar
56%
La antigua civilización marítima que fundó esa ciudadFenicia
50%
Los pueblos indígenasBeréber
49%
La Gran Mezquita de Kairouan alberga el _______ más antiguo del mundo
que aún existe hoy en día (comienza con M)
Minarete
32%
La legendaria primera reina de esa ciudadDido
30%
La isla más grandeYerba
27%
La segunda ciudad más poblada (termina en X)Sfax
26%
Punto más septentrional del continente africano (comienza con A)Cabo {Angela}
15%

Distribución de puntuación

Porcentaje por número respondido

Porcentaje de gente con cada puntuación

Historial de tus puntuaciones

No has tomado esta prueba